LEADER 01031nam a2200229 i 4500 001 000000146006 003 CaOOAMICUS 005 20051213000000.0 008 051213s1901 it u000 u fre u 013 $a122687 040 $aSeMil$bita 100 1 $aOllé-Laprune, Léon <1839-1898>.$0(OLS)http://semarc/name/21482 245 13$aLa vitalité chrétienne /$cLéon Ollé-Laprune , membre de l'Institut maître de conférences a l'école normale supérieure ; introduction par Georges Goyau. 260 $aParis :$bPerrin,$c1901. 300 $aLIX, 342 p. ;$c20 cm. 650 4$aPensiero religioso - Francia - Sec. 19.$0(OLS)http://semarc/subject/28569 700 1 $aGoyau, Georges <1869-1939>.$0(OLS)http://semarc/name/7044 850 $aSeMil 852 $aSeMil$W1$xVenegono$y1$m660 382 *$j98712$B98712$CSeMilBibl$Z2$F106941 $81 961 $aRecupero: Biblioteca Seminario Saronno 996 $6245$aLa vitalité chrétienne$9(OLS)http://semarc/title/213470 996 $6260$aParis :$bPerrin$9(OLS)http://semarc/publisher/32499 LEADER 01008nam a2200253 i 4500 001 000000161119 003 CaOOAMICUS 005 20220930163422.0 008 070522s1979 it u000 u ita u 013 $a138482 040 $aSeMil$bita 100 1 $aGaffuri, Luigi Maria,$d<1915-2000>.$0(OLS)http://semarc/name/18823 245 10$aOrsenigo :$bdivagazioni storico-ambientali /$cLuigi M. Gaffuri. 264 1$aOrsenigo :$ba cura della Pro Loco,$c1979. 300 $a124 p. :$bill. (b/n) ;$c24 cm. 541 0 $aFondo card. Giovanni Colombo (3P III 73) 650 4$aOrsenigo.$0(OLS)http://semarc/subject/17496 850 $aSeMil 852 $aSeMil$W1$xVenegono$y1$m3P III 73$j112552$B112552$CSeMilBibl$Z2$F124616 $81 941 1 $a3 961 $aLascito: Colombo Card. Giovanni 996 $6245$aOrsenigo :$bdivagazioni storico-ambientali$9(OLS)http://semarc/title/144040 996 $6264$aOrsenigo :$ba cura della Pro Loco$9(OLS)http://semarc/publisher/44388